Tufts University diet & nutrition letter

Detalles Bibliográficos
Nuevo Título:Tufts University health & nutrition letter (Online)
Autor Corporativo: Tufts University
Formato: Electrónico Revista
Lenguaje:inglés
Publicado: New York, N.Y. : Tufts University Diet and Nutrition Letter
Materias:
Acceso en línea:Full text available from Research Library: 01/01/1995 to 01/31/1997

MARC

LEADER 00000nas a2200000 a 4500
001 ssj0000412
003 WaSeSS
005 20200512172242.0
006 m d
007 cr n
008 050614d19831997nyumr pss 0 a0eng c
010 |a  2009247531 
022 |a 2169-4214  |y 0747-4105 
030 |a TUDLET 
035 |a (WaSeSS)ssj0000412 
040 |a OCLCS  |b eng  |c OCLCS  |d BUF  |d AU@  |d DLC  |d OCLCO  |d OCLCQ  |d OCLCF  |d OCLCO  |d CO3  |d CCO  |d OCLCQ  |d OCLCO  |d OCLCQ  |d OCLCO  |d OCLCQ  |d OCLCO  |d OCLCA  |d UUM  |d MOW  |d OCLCO  |d WYU  |d VT2  |d WaSeSS 
042 |a pcc  |a nsdp 
050 4 |a TX341  |b .T83x 
060 4 |a W1  |b TU64K 
082 1 0 |a 613  |2 15 
130 0 |a Tufts University diet & nutrition letter (Online) 
210 0 |a Tufts Univ. diet nutr. lett.  |b (Online) 
222 0 |a Tufts University diet & nutrition letter  |b (Online) 
245 1 0 |a Tufts University diet & nutrition letter  |h [electronic resource]. 
246 3 |a Tufts University diet and nutrition letter 
246 3 |a Diet and nutrition letter 
246 3 0 |a Diet & nutrition letter 
260 |a New York, N.Y. :  |b Tufts University Diet and Nutrition Letter 
310 |a Monthly 
362 1 |a Print began with v. 1, no. 1 (Mar. 1983); ceased with v. 14, no. 11 (Jan. 1997). 
506 |a License restrictions may limit access. 
538 |a Mode of access: World Wide Web. 
588 |a Description based on print version record. 
588 |a Latest issue consulted: Vol. 14, no. 11 (Jan. 1997) (EBSCOhost, viewed Mar. 17, 2009). 
650 0 |a Nutrition  |v Periodicals. 
650 0 |a Diet  |v Periodicals. 
650 0 |a Food  |v Periodicals. 
650 7 |a Diet.  |2 fast  |0 (OCoLC)fst00893284 
650 7 |a Food.  |2 fast  |0 (OCoLC)fst00930458 
650 7 |a Nutrition.  |2 fast  |0 (OCoLC)fst01042187 
650 0 2 |a Diet  |v Periodicals. 
655 0 |a Electronic journals. 
710 2 |a Tufts University. 
776 0 8 |i Print version:  |t Tufts University diet & nutrition letter  |x 0747-4105  |w (DLC)sn 84010769  |w (OCoLC)10401443 
785 0 0 |t Tufts University health & nutrition letter (Online)  |x 2169-4230  |w (DLC) 2009247532  |w (OCoLC)60623656 
856 4 0 |z Full text available from Research Library: 01/01/1995 to 01/31/1997  |u https://search.proquest.com/publication/30886